000 00331nam a22001457a 4500
008 210430b ||||| |||| 00| 0 eng d
020 _a0030622026
041 _aeng
080 _a32
082 _a32
100 _a18
101 _aSHP
245 _aWomen in the History of Political Thought
_cSaxonhouse,A.W
942 _2ddc
_cBK
999 _c57064
_d57064